| 000 | 00885nam a2200229Ia 4500 | ||
|---|---|---|---|
| 008 | 0000001986 usa 0000000000eng00 | ||
| 020 | _a64307107 | ||
| 090 | _aPUS00 C34g | ||
| 100 | 1 | _aCikovsky, Nicolai | |
| 245 | 1 | 0 |
_aGeorge Inness _c/ Nicolai Cikovsky, Michael Quick |
| 300 |
_a213 p. _c/ 31 cm. |
||
| 500 | _aExposición realizada en Los Angeles County Museum of Art, New York, Abril 1 Junio 9, 1985 \ Con el patronazgo del maestro venezolano Jesús Rafael Soto (q.e.p.d.) | ||
| 600 | 0 | 0 |
_aINNESS, GEORGE, 18251894/ _xTRABAJOS PICTORICOS |
| 650 | 1 | 4 | _aARTE MODERNO ESTADOUNIDENSE |
| 650 | 1 | 4 | _xCATALOGOS |
| 650 | 1 | 4 | _xEXPOSICIONES |
| 650 | 1 | 4 | _aPINTORES ESTADOUNIDENSES |
| 650 | 1 | 4 | _aPINTURA DE PAISAJES ESTADOUNIDENSE |
| 650 | 1 | 4 | _aPINTURA ESTADOUNIDENSE |
| 700 | 1 | _aQuick, Michael | |
| 999 |
_c5917 _d5917 |
||
| 260 |
_aLos Angeles : Los Angeles County Museum of Art _c1986 |
||